Detalles MARC
| 000 -CABECERA |
| Longitud fija campo de control |
01159nam a2200325 i 4500 |
| 003 - • IDENTIFICADOR DELl NÚMERO DE CONTROL |
| Identificador del número de control |
CO-BoRNBP |
| 005 - • FECHA Y HORA DE LA ÚLTIMA TRANSACCIÓN |
| Fecha y hora de la última transacción |
20250704091040.0 |
| 007 - • CAMPO FIJO DE DESCRIPCIÓN FÍSICA |
| Campo fijo de descripción física |
ta |
| 008 - • CÓDIGOS DE INFORMACIÓN DE LONGITUD FIJA |
| Códigos de información de longitud fija |
210817s20142017ck a br 000 1 spa d |
| 020 ## - • NÚMERO INTERNACIONAL NORMALIZADO PARA LIBROS |
| Número Internacional Normalizado para Libros (ISBN) |
9789587731699 |
| 040 ## - FUENTE DE LA CATALOGACIÓN |
| Centro catalogador de origen |
CO-BoRNBP |
| Lengua de catalogación |
spa |
| Normas de descripción |
rda |
| Centro transcriptor |
CO-BoRNBP |
| 041 0# - • CÓDIGO DE LENGUA |
| Código de lengua del texto/banda sonora o título independiente |
spa |
| 084 ## - • Clasificación Local Alfanúmerica PNLB |
| Número de clasificación |
A RUE1 |
| 100 ## - • PUNTO DE ACCESO PRINCIPAL-NOMBRE DE PERSONA |
| Nombre de persona |
Rueda, Claudia |
| Término indicativo de función |
autora |
| 245 10 - • TITULO PROPIAMENTE DICHO |
| Título |
Jugar con letras |
| Mención de responsabilidad, etc. |
Claudia Rueda |
| 250 ## - • MENCIÓN DE EDICIÓN |
| Mención de edición |
Primera edición |
| Resto de la mención de edición |
Primera reimpresión |
| 264 #1 - PRODUCCIÓN, PUBLICACIÓN , DISTRIBUCIÓN, FABRICACIÓN Y COPYRIGHT |
| Lugar de producción, publicación, distribución, fabricación |
Bogotá, Colombia |
| Nombre del productor, editor, distribuidor, fabricante |
Ediciones SM |
| Fecha de de producción, publicación, distribución, fabricación o copyright |
2014 |
| -- |
2017 |
| 300 ## - • DESCRIPCIÓN FÍSICA |
| Extensión |
40 páginas sin numerar |
| Otras características físicas |
ilustraciones a color |
| Dimensiones |
18 cm. |
| 336 ## - TIPO DE CONTENIDO |
| Término de tipo de contenido |
texto |
| Código de tipo de contenido |
txt |
| Fuente |
rdacontent |
| 337 ## - TIPO DE MEDIO |
| Nombre del tipo de medio |
sin mediación |
| Código del tipo de medio |
n |
| Fuente |
rdamedia |
| 338 ## - TIPO DE SOPORTE |
| Nombre del tipo de soporte |
volumen |
| Código del tipo de soporte |
nc |
| Fuente |
rdacarrier |
| 500 ## - • NOTA GENERAL |
| Nota general |
El material correspondiente a la dotación PNLB 2022, corresponde a la primera reimpresión de 2017 |
| 521 ## - • NOTA DE PÚBLICO DESTINATARIO |
| Nota público destinatario (R ) |
Recomendado para un público infantil mayor de 3 años |
| 650 00 - • PUNTO DE ACCESO ADICIONAL DE MATERIA - TÉRMINO DE MATERIA |
| Término de materia o nombre geográfico como elemento inicial |
Juego de palabras |
| Subdivisión de forma |
Álbum |
| Fuente del encabezamiento o término |
LEMB |
| 650 00 - • PUNTO DE ACCESO ADICIONAL DE MATERIA - TÉRMINO DE MATERIA |
| Término de materia o nombre geográfico como elemento inicial |
Álbumes infantiles colombianos |
| Fuente del encabezamiento o término |
LEMB |
| 650 07 - • PUNTO DE ACCESO ADICIONAL DE MATERIA - TÉRMINO DE MATERIA |
| Término de materia o nombre geográfico como elemento inicial |
Literatura infantil colombiana |
| Fuente del encabezamiento o término |
LEMB |
| 650 07 - • PUNTO DE ACCESO ADICIONAL DE MATERIA - TÉRMINO DE MATERIA |
| Término de materia o nombre geográfico como elemento inicial |
Animales en la literatura |
| Subdivisión de forma |
Álbum |
| Fuente del encabezamiento o término |
LEMB |
| 942 ## - ENTRADA DE ELEMENTOS AGREGADOS (KOHA) |
| Fuente de clasificaión o esquema |
|
| Koha [por defecto] tipo de item |
Literatura Infantil |